000 00652nam a2200241Ia 4500
003 IT-RoPAU
008 120407s9999 xx 000 0 und d
040 _aIT-RoPAU
040 _cIT-RoPAU
041 _aita
100 _aSergej Nikolaevic Bulgakov
245 _aIl Paraclito
250 _aBologna
260 _aEDB
260 _c1972
300 _a543 p.
300 _c21 cm
490 _aEpifania della Parola
490 _v112
600 _a"Tit. orig.: Utesitel’. Trad. F. Marchese. In testa al front.: Sergej Bulgàkov 1. Spirito Santo I . Marchese, Fausta 231.3 BNI 72-5421"
942 _cBK
999 _c35622
_d35622